| 000 | 00578nam a2200217Ia 4500 | ||
|---|---|---|---|
| 005 | 20250508154423.0 | ||
| 008 | 008 250505s9999 xx 000 0 eng d | ||
| 037 | _aTextual | ||
| 040 |
_aFEDL _beng _cFEDL |
||
| 041 |
_aeng _2eng |
||
| 084 |
_a507, DAS _qFEDL |
||
| 100 |
_aDass L Ghansham _9755674 |
||
| 245 | 0 | _aTeaching of science | |
| 250 | _a5 | ||
| 260 |
_aLondon, UK _bOxford University Press _c1963 |
||
| 300 | _aviii,202p | ||
| 365 |
_aINR _b3.5 |
||
| 490 | _aTeacher in India Series X1 | ||
| 942 |
_cTEXL _h507, DAS |
||
| 999 |
_c1350087 _d1350087 |
||